Вся жизнь: [Сборник]; Сокровенный человек; Юшка; Июльская гроза; Мусорный ветер; По небу полуночи; Одухотворенные люди; Среди народа; Седьмой человек; Неодушевленный враг; Маленький солдат; Сампо; Взыскание погибших; Ветер-хлебопашец; Девушка Роза; Цветок на земле; Афродита; Никита; Забвение разума; Добрый Кузя; Возвращение; Корова; Любовь к родине, или Путешествие воробья; Река потудань

Λεπτομέρειες βιβλιογραφικής εγγραφής
Κύριος συγγραφέας: Платонов А. П. Андрей Платонович
Άλλοι συγγραφείς: Корниенко Н. (автор предисловия)
Γλώσσα:Ρωσικά
Έκδοση: Москва, Патриот, 1991
TOC:Сокровенный человек; Юшка; Июльская гроза; Мусорный ветер; По небу полуночи; Одухотворенные люди; Среди народа; Седьмой человек; Неодушевленный враг; Маленький солдат; Сампо; Взыскание погибших; Ветер-хлебопашец; Девушка Роза; Цветок на земле; Афродита; Никита; Забвение разума; Добрый Кузя; Возвращение; Корова; Любовь к родине, или Путешествие воробья; Река потудань;
Θέματα:
Μορφή: MixedMaterials Βιβλίο
KOHA link:https://koha.lib.tpu.ru/cgi-bin/koha/opac-detail.pl?biblionumber=138930

MARC

LEADER 00000nam0a2200000 4500
001 138930
005 20231101220754.0
010 |a 5703004535 
020 |a RU  |b 91-5700 
035 |a (RuTPU)RU\TPU\book\150514 
090 |a 138930 
100 |a 20080530d1991 m y0rusy5003 ca 
101 0 |a rus 
102 |a RU 
105 |a c z 000ay 
200 1 |a Вся жизнь  |e [Сборник]  |f А. П. Платонов  |g авт. предисл. Н. Корниенко 
210 |a Москва  |c Патриот  |d 1991 
215 |a 367 с.  |c портр.  |d 22 см 
464 |t Сокровенный человек; Юшка; Июльская гроза; Мусорный ветер; По небу полуночи; Одухотворенные люди; Среди народа; Седьмой человек; Неодушевленный враг; Маленький солдат; Сампо; Взыскание погибших; Ветер-хлебопашец; Девушка Роза; Цветок на земле; Афродита; Никита; Забвение разума; Добрый Кузя; Возвращение; Корова; Любовь к родине, или Путешествие воробья; Река потудань  |o повести и рассказы 
610 1 |a советская литература 
610 1 |a повести 
610 1 |a рассказы 
675 |a Р2  |z rus 
700 1 |a Платонов  |b А. П.  |c русский писатель  |f 1899-1951  |g Андрей Платонович  |2 stltpush  |3 (RuTPU)RU\TPU\pers\1710  |9 714 
702 1 |a Корниенко  |b Н.  |4 080 
801 0 |a RU  |b RuMRKP  |c 19950417  |g psbo 
801 2 |a RU  |b 63413507  |c 20160915  |g PSBO 
942 |c BK